000
00291nam a2200133 4500
999
_c
9431
_d
9431
003
OSt
005
20210420120337.0
008
210420b ||||| |||| 00| 0 eng d
020
_a
9788469732618
082
_a
724.7
100
_a
Ken martimer
245
_a
a+t complex buildings
942
_2
ddc